000 00718nam a2200289Ia 4500
005 20260324124509.0
008 008 260324s9999 xx 000 0 eng d
020 _a9780203855928
037 _aEBOOK
040 _aCRL
040 _beng
040 _cCRL
041 _2eng
041 _aeng
084 _qCRL
100 _aEmily Chamlee-Wright
_91157750
245 4 _aThe Cultural and Political Economy of Recovery
245 0 _bSocial learning in a post-disaster environment
260 _bTaylor and Francis
260 _c2010
365 _a
365 _b240
856 _uhttp://www.taylorfrancis.com/books/9780203855928
942 _cEBOOK
999 _c1768804
_d1768804